Sports Quiz

Random Sports or NCAA Quiz

10 Oldest Bowl Games Quiz Stats

 Plays Quiz Updated Dec 14, 2015

Challenge
Share
Tweet
Embed
Score 0/10 Timer 02:00
1 Play Today
Year of 1st Game Bowl Game % Correct
1902Rose Bowl
98.9%
1935Orange Bowl
93.1%
1937Cotton Bowl
88.4%
1935Sugar Bowl
87%
1971Fiesta Bowl
82.7%
1968Peach Bowl
58.4%
1947Citrus Bowl
47.2%
1946Gator Bowl
47%
1935Sun Bowl
43.9%
1959Liberty Bowl
30.7%

You're not logged in!

Compare scores with friends on all Sporcle quizzes.
Join for Free
OR
Log In

You Might Also Like...

Show Comments

Extras

Top Quizzes Today


Score Distribution

Your Account Isn't Verified!

In order to create a playlist on Sporcle, you need to verify the email address you used during registration. Go to your Sporcle Settings to finish the process.

Report this User

Report this user for behavior that violates our Community Guidelines.

Details: